Statistics for Paddington Bear

Click here to take the quiz!

General Stats

  • This quiz has been taken 77 times
  • The average score is 9 of 20

Answer Stats

QuestionAnswer% Correct
Paddington's favourite foodMarmalade
89%
What beloved relative of Paddington's now lives in a Home for Retired Bears?Aunt Lucy
80%
What does Mr Gruber sell?Antiques
70%
Name one of the two children living with Paddington in LondonJudy | Jonathan
70%
In Paddington 2, where does Paddington end up?Prison
70%
Where did Paddington come from?Darkest Peru
68%
Name one of the two cities where a Paddington statue may now be foundLima | London
68%
What is the name of Paddington's neighbour? (He does not much like Paddington)Reginald Curry
64%
Who wrote the Paddington stories?Michael Bond
56%
On what street does Paddington live in London?32 Windsor Gardens
47%
In what year was the first Paddington story published?1958
42%
Prototype stuffed bear modelled after Paddington was made as a present for which car-loving TV presenter?Jeremy Clarkson
30%
Which UK shop featured Paddington in a 2017 Christmas advert?Marks and Spencer
26%
A toy Paddington was chosen by UK travellers as the first item to travel to France by means of thisChannel Tunnel
24%
Where was Paddington supposed to come from, before the author's agent advised the change? (bears are not found there)Darkest Africa
18%
What meal does Paddington usually have with Mr Gruber?Elevenses
18%
What is the only species of bear extant in this area?Spectacled bear
17%
Children's TV program in whose annuals Paddington stories appearedBlue Peter
12%
Failure to declare a Paddington to customs led to the resignation of a Minister in this countryAustralia
9%
In what sporting event does Paddington take part?Tour de France
5%

Score Distribution

Percentile by Number Answered

Percent of People with Each Score

Your Score History

You have not taken this quiz